Statistics for Smallest Capital Cities

Click here to take the quiz!

General Stats

  • This quiz has been taken 1,181 times
  • The average score is 10 of 20

Answer Stats

PopulationCapital% Correct
826Vatican City
94%
4,493San Marino
83%
35,986Monaco
77%
5,248Vaduz
77%
22,884Andorra la Vella
76%
6,351Valletta
56%
1,100Yaren
53%
4,492Funafuti
51%
22,679St. John's
51%
7,500St George's
47%
22,400Nuku'alofa
45%
29,298Victoria
44%
351Ngerulmud
43%
25,400Majuro
41%
30,000Tarawa
41%
13,043Basseterre
40%
14,847Roseau
39%
12,300Belmopan
28%
28,135Bandar Seri Begawan
26%
34,828Banjul
15%

Score Distribution

Percentile by Number Answered

Percent of People with Each Score

Your Score History

You have not taken this quiz